| Tag |
First Indicator |
Second Indicator |
Subfields |
| LEADER |
00000cam a22000001 4500 |
| 001 |
in00000049508 |
| 005 |
20151007071745.0 |
| 008 |
731212s1967 nyua b 00010 eng |
| 010 |
|
|
|a 66018629
|
| 035 |
|
|
|a (OCoLC)00250930
|
| 035 |
|
|
|9 AAE6582AM
|
| 040 |
|
|
|a DLC
|c DLC
|d TXA
|d UtOrBLW
|
| 049 |
|
|
|a TXAM
|c [466438]
|
| 050 |
0 |
0 |
|a QH431
|b .P23
|
| 082 |
0 |
|
|a 575.1
|
| 092 |
|
|
|a 575.1
|b P213m, 1967
|
| 100 |
1 |
|
|a Papazian, Haig P.
|
| 245 |
1 |
0 |
|a Modern genetics /
|c [by] Haig P. Papazian.
|
| 250 |
|
|
|a [1st ed.].
|
| 264 |
|
1 |
|a New York :
|b Norton,
|c [1967]
|
| 300 |
|
|
|a xx, 350 pages :
|b illustrations ;
|c 22 cm.
|
| 336 |
|
|
|a text
|b txt
|2 rdacontent
|
| 337 |
|
|
|a unmediated
|b n
|2 rdamedia
|
| 338 |
|
|
|a volume
|b nc
|2 rdacarrier
|
| 504 |
|
|
|a Bibliography: pages 323-324.
|
| 650 |
|
0 |
|a Genetics.
|
| 999 |
|
|
|a MARS
|
| 999 |
f |
f |
|s 8ea16354-b817-33aa-864c-029e50894f44
|i 95acbe90-2699-3c3f-9e33-6b0e9102633c
|t 0
|
| 952 |
f |
f |
|p ric
|a Texas A&M University
|b Rellis Campus
|c Joint Library Facility
|d Remote Storage
|t 0
|e QH431 .P23
|h Library of Congress classification
|i unmediated -- volume
|m A14800979094
|
| 998 |
f |
f |
|a QH431 .P23
|t 0
|l Remote Storage
|